zpět

Detail výsledku týmu

Rockle Klub, České Budějovice

Datum a čas kvízu

26 Celkem bodů Celkový počet nahraných bodů na tomto kvízu bez doplňovacích otázek.
10. Pořadí na kvízu Konečné umístění týmu na tomto kvízu.

Zaznamenané odpovědi

# Otázka Odpověď Body Výsledky
1. V Praze byl minulý týden na ve... z paluby Titaniku 1
2. Který výrobce nápojů se sídlem... Capri-Sun 0
3. Která kapela minulý týden ozná... Linkin Park 1
4. Minulý týden jsme se dozvěděli... rýže 0
5. Ve středu byla poblíž sídla Če... Věra Čáslavská, David Černý 0.5
6. Ruské město Nižnij Novgorod ne... Gorkij 0
7. Pod kterým, dnes už spíše zast... Habeš 0
8. Napište bývalý název Bratislav... Prešpurk/Prešporok/Prešporek; 1919 (1914–1924) 0.5
9. Když Portugalci objevili jistý... Tchaj-wan 0
10. Zhruba rok po vyhlazení českýc... o Panamu 0